Normal view
MARC view
- Syeda Noor-Ul-Huda Safder
Entry Personal Name
001 - CONTROL NUMBER
- control field: 101736
003 - CONTROL NUMBER IDENTIFIER
- control field: NUST
005 - DATE AND TIME OF LATEST TRANSACTION
- control field: 20221031091520.0
008 - FIXED-LENGTH DATA ELEMENTS
- fixed length control field: 221031|| aca||aabn | a|a d
040 ## - CATALOGING SOURCE
- Original cataloging agency: NUST
- Transcribing agency: NUST
100 ## - HEADING--PERSONAL NAME
- Personal name: Syeda Noor-Ul-Huda Safder
670 ## - SOURCE DATA FOUND
- Source citation: Work cat.: (NUST): Syeda Noor-Ul-Huda Safder , TH-SOF-2099-Analysis of EEG signals using deep learning to highlight effects of vibration-based therapy on brain, 2022.
